Normal view
MARC view
Entry Topical Term
001 - CONTROL NUMBER
- control field: 25052
003 - CONTROL NUMBER IDENTIFIER
- control field: ARRUPE
005 - DATE AND TIME OF LATEST TRANSACTION
- control field: 20160816094803.0
008 - FIXED-LENGTH DATA ELEMENTS
- fixed length control field: 160816|| aca||aabn | a|a d
040 ## - CATALOGING SOURCE
- Original cataloging agency: ARRUPE
- Transcribing agency: ARRUPE
150 ## - HEADING--TOPICAL TERM
- Topical term or geographic name as entry element: Jesus Christ
- General subdivision: Trial
670 ## - SOURCE DATA FOUND
- Source citation: Work cat.: (ARRUPE): Brandon, Samuel George Frederick 25051, The Trial of Jesus of Narazeth, 1968